| 000 | 00419 a2200157 4500 | ||
|---|---|---|---|
| 003 | Nust | ||
| 005 | 20230308115831.0 | ||
| 040 | _cNust | ||
| 082 | _a297.55,MUH | ||
| 100 |
_a Puri, Akhtar Fathe _9109992 |
||
| 245 |
_aFateh Makkah / _cMuhammad Ahmed Bashail, Translated by Akhter Fethe Puri |
||
| 260 |
_aLahore _bNafees Academy |
||
| 300 | _a356: p | ||
| 650 |
_aWar of Islam _9109993 |
||
| 942 |
_2ddc _cBK _k297.55,MUH |
||
| 999 |
_c188006 _d188006 |
||